Miscelánea Manuel Cuervo López (Record no. 138698)

MARC details
000 -LEADER
campo de control de longitud fija 00790nam a2200205 i 4500
001 - NÚMERO DE CONTROL
campo de control 138698
003 - IDENTIFICADOR DE NÚMERO DE CONTROL
campo de control ES-MaACL
005 - FECHA Y HORA DE LA ÚLTIMA TRANSACCIÓN
campo de control 20230906195621.0
007 - CAMPO FIJO DE DESCRIPCIÓN FÍSICA--INFORMACIÓN GENERAL
campo de control de longitud fija t|
008 - DATOS DE LONGITUD FIJA--INFORMACIÓN GENERAL
campo de control de longitud fija 070214s1970 sp r ||||1| spa d
100 1# - ENTRADA PRINCIPAL--NOMBRE DE PERSONA
Nombre de persona Santiago-Otero, Horacio.
9 (RLIN) 103408
245 10 - MENCIÓN DEL TÍTULO
Título Miscelánea Manuel Cuervo López
Resto del título : homenaje de antiguos alumnos /
Mención de responsabilidad, etc. dirige, Horacio Santiago-Otero, Rafael Silva Costoyas.
260 ## - PUBLICACIÓN, DISTRIBUCIÓN, ETC.
Lugar de publicación, distribución, etc. Salamanca :
Nombre del editor, distribuidor, etc. [s. n.],
Fecha de publicación, distribución, etc. 1970 (
Lugar de fabricación/manufactura Burgos :
Fabricante Imp. Aldecoa)
300 ## - DESCRIPCIÓN FÍSICA
Extensión 574 p., 1 lám. = retr. homenajeado ;
Dimensiones 25 cm.
500 ## - NOTA GENERAL
Nota general Texto en español y una contribución en inglés.
700 1# - ENTRADA AGREGADA--NOMBRE PERSONAL
Nombre de persona Cuervo López, Manuel.
9 (RLIN) 42025
700 1# - ENTRADA AGREGADA--NOMBRE PERSONAL
Nombre de persona Santiago-Otero, Horacio.
9 (RLIN) 103408
700 1# - ENTRADA AGREGADA--NOMBRE PERSONAL
Nombre de persona Silva, Rafael,
Títulos y otros términos asociados al nombre (profesor de Teología)
9 (RLIN) 106383
852 ## - LOCALIZACIÓN
Ubicación ES-MaACL
Número de control de estantería C-41797
Sublocalización o colección R.74231
Holdings
Estatus retirado Estado de pérdida Estado de daño No para préstamo Biblioteca de origen Biblioteca actual Ubicación en estantería Fecha de adquisición Fuente de adquisición Total de préstamos Signatura topográfica completa Código de barras Visto por última vez Precio de reemplazo Tipo de ítem Koha
        Biblioteca del Ateneo de Madrid Biblioteca del Ateneo de Madrid Depósito 2 17/01/2008     C-41797 1144328 23/02/2023 23/02/2023 Libro impreso